Pád na štvrťfinálové dno Aj po ďalšej definitíve na MS cyklistov musíme konštatovať - sklamanie!

Bibliographic Details
Main Author: (lč+pek) (Author)
Format: Article
Language:Slovak
PhysicalDescription:Obr. 1.
Subjects:

MARC

LEADER 00000nab a2200000 a 4500
001 vtls000390410
003 SK-MaSNL
005 20260302232605.0
008 111202c1990 xo 0 slo
015 |a SNBRB19rr/mm-uuuuu 
035 |a CL0390534 
040 |a SNKBUCL  |b slo  |c SNKBUCL  |e AACR2 
041 0 |a slo 
044 |a xo  |c SK 
080 |a 796.61.093.52(100)  |2 1981 
100 1 |a (lč+pek)  |4 aut  |9 964941 
245 1 0 |a Pád na štvrťfinálové dno  |b Aj po ďalšej definitíve na MS cyklistov musíme konštatovať - sklamanie!  |c (lč+pek) 
300 |b Obr. 1. 
650 0 7 |a dráhová cyklistika  |2 snkbucl  |9 28801 
655 7 |a články z novín a časopisov  |2 snkbucl  |9 267496 
773 0 |t Šport  |g Roč. 44, č. 198 (24. 8. 1990), s. 1 a 6 
850 |a Slovenská národná knižnica v Martine  |a MTA001 
852 |a SNK  |b KIS3GCP 
958 |a RK 
992 |a RBX 
999 |c 1543613  |d 1545543